[Event "Arab-ch U16"]
[Site "Baghdad"]
[Date "2022.03.15"]
[Round "7"]
[White "Rayan, Deeb"]
[Black "Al Zadjali, Abdul Rahman"]
[Result "1-0"]
[WhiteElo "1706"]
[BlackElo "1769"]
[PlyCount "91"]
[EventDate "2022.03.10"]
[EventType "swiss"]
[EventRounds "9"]
[EventCountry "IRQ"]
[SourceTitle "EXT 2023"]
[Source "ChessBase"]
[SourceDate "2022.10.05"]
[SourceVersion "1"]
[SourceVersionDate "2022.10.05"]
[SourceQuality "1"]

1. Nf3 d5 2. g3 Nf6 3. Bg2 e6 4. 0-0 Bd6 5. c4 c6 6. b3 0-0 7. Bb2 Nbd7 8. d4 Ne4 9. Nc3 f5 10. Qd3 Qe8 11. Nd2 Qh5 12. Ncxe4 fxe4 13. Qe3 Rf6 14. Rfe1 Rh6 15. Nf1 e5 16. cxd5 cxd5 17. f3 Nf6 18. Rac1 Bd7 19. Red1 Re8 20. dxe5 Bxe5 21. Bxe5 Qxe5 22. Qxa7 Qb2 23. fxe4 b6 24. Rc7 Qxe2 25. Rd2 Qg4 26. exd5 Re1 27. Qxb6 Qh5 28. Rxd7 Nxd7 29. Qd8+ Nf8 30. Qh4 Qf7 31. Qc4 Qh5 32. d6+ Kh8 33. h3 Qe5 34. d7 Qe3+ 35. Kh2 Rxf1 36. Qxf1 Rxh3+ 37. Kxh3 Qh6+ 38. Kg4 Qe6+ 39. Kf3 Nxd7 40. Kf2 Qb6+ 41. Ke1 h6 42. Kd1 Qb4 43. Qf5 Nf6 44. Rd8+ Ng8 45. Qe6 Qg4+ 46. Qxg4 1-0

[Event "Arab-ch U16"]
[Site "Baghdad"]
[Date "2022.03.14"]
[Round "6"]
[White "Rayan, Deeb"]
[Black "Zaid, Alaa Chasib"]
[Result "1-0"]
[WhiteElo "1706"]
[BlackElo "1898"]
[PlyCount "63"]
[EventDate "2022.03.10"]
[EventType "swiss"]
[EventRounds "9"]
[EventCountry "IRQ"]
[SourceTitle "EXT 2023"]
[Source "ChessBase"]
[SourceDate "2022.10.05"]
[SourceVersion "1"]
[SourceVersionDate "2022.10.05"]
[SourceQuality "1"]

1. Nf3 d5 2. d4 c5 3. dxc5 e6 4. e4 Nf6 5. e5 Ne4 6. Be3 Nc6 7. Nbd2 Nxc5 8. c3 Qc7 9. Bb5 Bd7 10. Bxc5 Bxc5 11. Qe2 0-0 12. Bd3 g6 13. h4 h5 14. Kf1 Kg7 15. Rh3 Be8 16. Re1 f6 17. b4 Bb6 18. c4 Nxb4 19. exf6+ Rxf6 20. Ng5 Nxd3 21. Rxd3 Bd7 22. Ndf3 dxc4 23. Rc3 Raf8 24. Rxc4 Qh2 25. Qd3 Bb5 26. Nxe6+ Rxe6 27. Rxe6 Bxc4 28. Rxg6+ Kh8 29. Rh6+ Kg7 30. Rh7+ Kf6 31. Qxc4 Qh1+ 32. Ng1 1-0